| 000 | 00562nam a22002057a 4500 | ||
|---|---|---|---|
| 005 | 20251108174918.0 | ||
| 008 | 250721s2010 xx 000 0 ara d | ||
| 082 | 1 | 4 | _a346.031/غصن |
| 100 | 1 | _aغصن، علي عصام | |
| 245 | 1 | 0 | _aالخطأ الطبي / |
| 250 | _aط2. | ||
| 264 | 1 |
_aصيدا : _bزين الحقوقية، _c2010. |
|
| 300 | _a239ص. | ||
| 650 | 1 | 7 | _aالإهمال |
| 650 | 1 | 7 | _aقانون الحوادث |
| 650 | 1 | 7 | _aالعطل والضرر |
| 700 | 1 | _aغصوب، عبده جميل | |
| 942 |
_2ddc _cBK |
||
| 999 |
_c121323 _d121323 |
||